| 000 | 00796cab a2200229 4500 | ||
|---|---|---|---|
| 001 | ABS58789 | ||
| 008 | 090401t1998 xxu||||| |||| 00| 0 eng d | ||
| 035 | _a(Sirsi) u86512 | ||
| 041 | _aeng | ||
| 100 | _aSpedding, A. | ||
| 245 | _aPriority setting in planned maintenance - practical issues in using the multi-attribute approach | ||
| 260 | _c1998 | ||
| 350 | _a0 | ||
| 490 |
_aBuilding Research and Information _v26(3) 1998, 169-180(12) |
||
| 520 | _aIntroduces the use of a multi-attribute model for priority setting in planned maintenance of large building stocks, demonstrating its successful validation. | ||
| 650 | _aMAINTENANCE PROGRAMMES | ||
| 650 | _aPLANNED MAINTENANCE | ||
| 690 | _aPROPERTY LAW AND PRACTICE | ||
| 700 | _aShen, Q. | ||
| 942 | _n0 | ||
| 948 | _c01/06/1998 | ||
| 999 |
_c54451 _d54451 |
||